Statistics in psychology and education / (Record no. 30802)
[ view plain ]
| 000 -LEADER | |
|---|---|
| fixed length control field | 00862cam a22002771 4500 |
| 001 - CONTROL NUMBER | |
| control field | 30802 |
| 003 - CONTROL NUMBER IDENTIFIER | |
| rucl marc code | BD-RjUL |
| 005 - DATE AND TIME OF LATEST TRANSACTION | |
| control field | 20211209051622.0 |
| 008 - FIXED-LENGTH DATA ELEMENTS--GENERAL INFORMATION | |
| fixed length control field | 140412s1948 nyu 001 0 eng |
| 035 ## - SYSTEM CONTROL NUMBER | |
| System control number | (BD-RjUL)30889 |
| System control number | (OCoLC)165754 |
| 040 ## - CATALOGING SOURCE | |
| Original cataloging agency | DLC |
| Transcribing agency | ODaWU |
| Modifying agency | Uk |
| -- | DLC |
| -- | BD-RjUL |
| Language of cataloging | eng |
| 041 ## - LANGUAGE CODE | |
| Language code of text/sound track or separate title | eng |
| 082 ## - DEWEY DECIMAL CLASSIFICATION NUMBER | |
| Classification number | 311 |
| Author mark and year | GAS 1948 |
| 100 1# - MAIN ENTRY--PERSONAL NAME | |
| Personal name | Garrett, Henry E. |
| Fuller form of name | (Henry Edward), |
| Dates associated with a name | 1894-1973. |
| 9 (RLIN) | 88597 |
| 245 10 - TITLE STATEMENT | |
| Title | Statistics in psychology and education / |
| Statement of responsibility, etc. | Henry E.Garrett, with an introduction by R. S. Woodworth. |
| 250 ## - EDITION STATEMENT | |
| Edition statement | 3rd ed. |
| 260 ## - PUBLICATION, DISTRIBUTION, ETC. (IMPRINT) | |
| Place of publication, distribution, etc. | New york ; |
| -- | London : |
| Name of publisher, distributor, etc. | Longmans, Green, |
| Date of publication, distribution, etc. | 1948. |
| 300 ## - PHYSICAL DESCRIPTION | |
| Pagination | xii, 488 p. ; |
| Size | 21cm. |
| 504 ## - BIBLIOGRAPHY, ETC. NOTE | |
| Bibliography, etc | Includes bibliography and index. |
| 650 #0 - SUBJECT ADDED ENTRY--TOPICAL TERM | |
| Topical term or geographic name as entry element | Statistics. |
| 9 (RLIN) | 90640 |
| Topical term or geographic name as entry element | Psychology. |
| 9 (RLIN) | 90641 |
| Topical term or geographic name as entry element | Educational Statistics. |
| 9 (RLIN) | 836 |
| 942 ## - ADDED ENTRY ELEMENTS (KOHA) | |
| Source of classification or shelving scheme | Dewey Decimal Classification |
| Koha item type | Books |
| Lost status | Source of classification or shelving scheme | Damaged status | Not for loan | Collection code | Permanent Location | Current Location | Shelving location | Date acquired | Total Checkouts | Full call number | Date last seen | Copy number | Koha item type |
|---|---|---|---|---|---|---|---|---|---|---|---|---|---|
| Dewey Decimal Classification | Not For Loan | Non-fiction | Central Library, University of Rajshahi | Central Library, University of Rajshahi | Reading Room | 14/04/1976 | 519.5 GAS 1948 | 12/04/2014 | C-1 | Books |